La detección de la deep fake y fake news en la era de la IA /
Guardado en:
| Autor Principal: | |
|---|---|
| Formato: | Libro |
| Idioma: | Undetermined |
| Publicado: |
Buenos Aires :
Hammurabi,
2025.
|
| Edición: | 1a. ed. |
| Series: | Colección IA ;
Tomo 3 |
| Materias: | |
| Etiquetas: |
Agregar Etiqueta
Sin Etiquetas, Sea el primero en etiquetar este registro!
|
| LEADER | 00834nam a22001935a 4500 | ||
|---|---|---|---|
| 001 | DER.der015608 | ||
| 008 | 251216s2025####ag############000#0#und#d | ||
| 005 | 20251216131914.0 | ||
| 245 | 1 | 0 | |a La detección de la deep fake y fake news en la era de la IA / |c Carlos Christian Sueiro. |
| 250 | |a 1a. ed. | ||
| 260 | |a Buenos Aires : |b Hammurabi, |c 2025. | ||
| 300 | |a 117 p. | ||
| 490 | 1 | |a Colección IA ; |v Tomo 3 | |
| 500 | |a El debido proceso en la era de la posverdad y la IA. "Fake news". "Deep fake". La prueba digital en el proceso penal. La prueba digital y las técnicas de detección de "Fake news" y "Deep fake". Detección humana y detección automatizada. | ||
| 020 | |a 9789878059839 | ||
| 100 | 1 | |a Sueiro, Carlos Christian. | |
| 650 | 7 | |a DERECHO DIGITAL | |
| 650 | 7 | |a INTELIGENCIA ARTIFICIAL | |
| 859 | |a DERECHO |b BIB. DERECHO |h 347 |i SUE |p 0010761 | ||
